Θεωρίες Μάθησης και Εκπαιδευτικη Πραξη / Κοινωνικογνωστικές Θεωρίες: Τομος Β' (Record no. 4134)
[ view plain ]
| 000 -LEADER | |
|---|---|
| fixed length control field | 01648cam a22002054a 4500 |
| 005 - ΗΜΕΡΟΜΗΝΙΑ ΚΑΙ ΩΡΑ ΤΕΛΕΥΤΑΙΑΣ ΕΝΗΜΕΡΩΣΗΣ | |
| Πεδίο ελέγχου | 20250605164137.0 |
| 008 - FIXED-LENGTH DATA ELEMENTS--GENERAL INFORMATION | |
| Πεδίο ελέγχου σταθερού μήκους | 250528s ||||||||||||||||||||||||d |
| 035 ## - SYSTEM CONTROL NUMBER | |
| System control number | 18822 |
| 020 ## - ISBN | |
| ISBN | 9508508525 |
| 040 ## - ΠΗΓΗ ΚΑΤΑΛΟΓΟΓΡΑΦΗΣΗΣ | |
| Φορέας πρωτότυπης καταλογογράφησης | MC Athens Campus Library |
| Γλώσσα καταλογογράφησης | Ελληνικά, Μοντέρνα (1453-) |
| Modifying agency | MC Athens Campus Library |
| Κανόνες περιγραφικής καταλογογράφησης | AACR2 |
| 245 1# - ΤΙΤΛΟΣ ΚΑΙ ΔΗΛΩΣΗ ΥΠΕΥΘΥΝΟΤΗΤΑΣ | |
| Τίτλος | Θεωρίες Μάθησης και Εκπαιδευτικη Πραξη / Κοινωνικογνωστικές Θεωρίες: Τομος Β' |
| 250 ## - EDITION STATEMENT | |
| Edition statement | 3η |
| 260 ## - PUBLICATION, DISTRIBUTION, ETC. | |
| Name of publisher, distributor, etc. | Αθήνα, |
| Date of publication, distribution, etc. | 1995 |
| 300 ## - PHYSICAL DESCRIPTION | |
| Extent | 272 |
| 520 ## - SUMMARY, ETC. | |
| Summary, etc. | Το Σύγγραμμα αυτό πραγματεύεται τις ψυχολογικές θεωρίες μάθησης και τις εφαρμογές τους στην εκπαιδευτική πράξη. Εισαγωγή, Οι Νεοσυμπεριφοριστικές Θεωρίες Μάθησης, Τα Νεοσυμπεριφοριστικά Πρότυπα Μάθησης, Εισαγωγικά Σχόλια, Κοινωνικογνωστικός Συμπεριφορισμός, Κοινωνικογνωστικές Θεωρίες Μάθησης, Κοινωνική Μάθηση - Κοινωνικογνωστική Μάθηση, Συνοπτική Ανακεφαλαίωση και Παιδαγωγική Αξιοποίηση των Κοινωνικογνωστικών Θεωριών Μάθησης, Γενική Ανακεφαλαίωση των Συμπεριφοριστικών και Κοινωνικογνωστικών Θεωριών Μάθησης, Βιβλιογραφία, Πίνακας Όρων και Ονομάτων. |
| 700 1# - ΠΡΟΣΘΕΤΗ ΑΝΑΓΡΑΦΗ--ΦΥΣΙΚΟ ΠΡΟΣΩΠΟ | |
| Personal name | Κολιαδη Εμμανουηλ Α |
| 9 (RLIN) | 5085 |
| 942 ## - ADDED ENTRY ELEMENTS (KOHA) | |
| Koha item type | Books |
| Τύπος τεκμηρίου | Βιβλιοθήκη | Τρέχουσα τοποθεσία | Barcode | Αριθμός εισαγωγής | Ημερομηνία απόκτησης | Ταξιθετικό σύμβολο | Αριθμός αντιτύπου | Κατάσταση απόσυρσης | Κατάσταση χαμένου | Κατάσταση κατεστραμμένου | Μη δανεισμός | Σύνολο δανεισμών | Ημερομηνία τελευταίας εμφάνισης | Η τιμή ισχύει από |
|---|---|---|---|---|---|---|---|---|---|---|---|---|---|---|
| Books | MC Athens Campus Library | MC Athens Campus Library | 9780000041333 | 3733 | 05/06/2025 | 370.153 KOL V.B | 1 | 05/06/2025 | 05/06/2025 |